Statistics for Swallowdale character quiz

Click here to take the quiz!

General Stats

  • This quiz has been taken 15 times
  • The average score is 11 of 12

Answer Stats

DescriptionAnswer% Correct
Ship's baby of SwallowBridget
100%
Uncle of the AmazonsCaptain Flint
100%
Captain of SwallowJohn
100%
Captain of AmazonNancy
100%
Mate of AmazonPeggy
100%
Ship's boy of SwallowRoger
100%
Mate of SwallowSusan
100%
Able-seaman of SwallowTitty
100%
The lady who darns Roger's pantsMary Swainson
80%
Mother of the AmazonsMrs Blackett
80%
Mother of the SwallowsMrs Walker
70%
The main antagonist of the storyThe Great Aunt
60%

Score Distribution

Percentile by Number Answered

Percent of People with Each Score

Your Score History

You have not taken this quiz